Communication and change, the last ten years-and the next

This framework combines the latest thinking from a number of fields in new ways. It critiques dominant instrumental, accountability-based approaches to development and evaluation and offers an alternative holistic, participatory, mixed methods approach based on systems and complexity thinking and ot...

Cijeli opis

Spremljeno u:
Bibliografski detalji
Format: Knjiga
Jezik:Undetermined
Izdano: Honolulu University Press of Hawaii 1976
Teme:
Oznake: Dodaj oznaku
Bez oznaka, Budi prvi tko označuje ovaj zapis!
Thư viện lưu trữ: Trung tâm Học liệu Trường Đại học Cần Thơ
LEADER 01025nam a2200205Ia 4500
001 CTU_220283
008 210402s9999 xx 000 0 und d
020 |c 586.00 
082 |a 301.14 
082 |b C734 
245 0 |a Communication and change, the last ten years-and the next 
245 0 |c Edited by Wilbur Schramm, Daniel Lerner 
260 |a Honolulu 
260 |b University Press of Hawaii 
260 |c 1976 
520 |a This framework combines the latest thinking from a number of fields in new ways. It critiques dominant instrumental, accountability-based approaches to development and evaluation and offers an alternative holistic, participatory, mixed methods approach based on systems and complexity thinking and other key concepts. It maintains a focus on power, gender and other differences and social norms. 
650 |a Nước đang phát triển,Developing countries 
650 |x Truyền thông,Communication 
904 |i Hải 
980 |a Trung tâm Học liệu Trường Đại học Cần Thơ